Ideals and realities of Islam / (Record no. 5175)

MARC details
000 -LEADER
fixed length control field 00806nac a22002051u 4500
010 ## - LIBRARY OF CONGRESS CONTROL NUMBER
LC control number 2006272932
020 ## - INTERNATIONAL STANDARD BOOK NUMBER
International Standard Book Number 193063711X
022 ## - INTERNATIONAL STANDARD SERIAL NUMBER
International Standard Serial Number 094662187x
082 00 - DEWEY DECIMAL CLASSIFICATION NUMBER
Classification number 297
Item number NAS.
090 ## - LOCALLY ASSIGNED LC-TYPE CALL NUMBER (OCLC); LOCAL CALL NUMBER (OCLC)
-- 5175
-- 5175
100 ## - MAIN ENTRY--PERSONAL NAME
Personal name Nasr, Seyyed Hossein.
245 10 - TITLE STATEMENT
Title Ideals and realities of Islam /
Statement of responsibility, etc Seyyed Hossein Nasr ; with a preface by Titus Burckhardt and a foreword by Huston Smith.
250 ## - EDITION STATEMENT
Edition statement New rev. ed.
260 ## - PUBLICATION, DISTRIBUTION, ETC. (IMPRINT)
Place of publication, distribution, etc Chicago, IL :
Name of publisher, distributor, etc ABC International Group :
-- Distributed by KAZI Publications,c2001.
Date of publication, distribution, etc c2001.
300 ## - PHYSICAL DESCRIPTION
Extent 215 p. ;
Dimensions 22 cm.
504 ## - BIBLIOGRAPHY, ETC. NOTE
Bibliography, etc Includes bibliographical references (p. 181-207) and index.
650 #0 - SUBJECT ADDED ENTRY--TOPICAL TERM
Topical term or geographic name as entry element Islam.
942 ## - ADDED ENTRY ELEMENTS (KOHA)
Item type Book - Borrowing
Call number prefix 297NAS.
Holdings
Withdrawn status Item status Damaged status Not for loan Home library Current library Shelving location Date acquired Source of acquisition Total Checkouts Total Renewals Full call number Barcode Date last seen Date last borrowed Koha item type
        Central Library Central Library Lower Floor 21/10/2007 Purchase 6 8 297NAS. 000006430 15/07/2025 06/03/2021 Book - Borrowing